The Road and the Lamp: (Record no. 190662)

MARC details
000 -LEADER
fixed length control field 00544nam a22001817a 4500
005 - DATE AND TIME OF LATEST TRANSACTION
control field 20220802113927.0
010 ## - LCCN (DPL NO)
LC control number ENG-134134
020 ## - INTERNATIONAL STANDARD BOOK NUMBER
International Standard Book Number 9788193186145
Terms of availability 499.00
035 ## - SYSTEM CONTROL NUMBER
System control number EN-117666
037 ## - SOURCE OF ACQUISITION
Source of stock number/acquisition DBAD/PUB
082 ## - DEWEY DECIMAL CLASSIFICATION NUMBER
Classification number S
100 ## - MAIN ENTRY--PERSONAL NAME
Personal name Savita B.Singh
245 ## - TITLE STATEMENT
Title The Road and the Lamp:
Statement of responsibility, etc by Savita B.Singh
Remainder of title the sparkle on the travelling soul/
260 ## - PUBLICATION, DISTRIBUTION, ETC. (IMPRINT)
Place of publication, distribution, etc Pune(Maharashtra)
Name of publisher, distributor, etc Leaf Press
Date of publication, distribution, etc 2017
270 ## - ADDRESS
Address 605,Classic Exotica,Kondhwa Khurd,
City Pune(Maharashtra)
Postal code 411048
300 ## - PHYSICAL DESCRIPTION
Extent 282p.
Dimensions 20cm(pbk}
942 ## - ADDED ENTRY ELEMENTS (KOHA)
Source of classification or shelving scheme Dewey Decimal Classification
Item type English Books
Classification part S
Call number suffix SAV
Holdings
Withdrawn status Lost status Not for loan Collection code Home library Current library Date acquired Source of acquisition Cost, normal purchase price Full call number Barcode Copy number Cost, replacement price Koha item type
      Non-fiction Ashok Vihar Ashok Vihar 02/08/2022 DBAD/PUB 499.00 S SAV EN-117666 1 499.00 English Books

© Delhi Public Library
Hit Counter
free hit counter